ឧទិច្ចតាបស / (Record no. 9283)
[ view plain ]
| 000 -LEADER | |
|---|---|
| fixed length control field | 03736nam a22003137a 4500 |
| 001 - CONTROL NUMBER | |
| control field | 9283 |
| 003 - CONTROL NUMBER IDENTIFIER | |
| control field | FISKH |
| 005 - DATE AND TIME OF LATEST TRANSACTION | |
| control field | 20251209093739.0 |
| 008 - FIXED-LENGTH DATA ELEMENTS--GENERAL INFORMATION | |
| fixed length control field | 251209b cb ||||| |||| 00| 0 eng d |
| 020 ## - INTERNATIONAL STANDARD BOOK NUMBER | |
| International Standard Book Number | 9789996301513 |
| 040 ## - CATALOGING SOURCE | |
| Original cataloging agency | FISKH |
| Language of cataloging | khr |
| Transcribing agency | FISKH |
| Modifying agency | FISKH |
| 050 ## - LIBRARY OF CONGRESS CALL NUMBER | |
| Classification number | PZ7 |
| 082 ## - DEWEY DECIMAL CLASSIFICATION NUMBER | |
| Classification number | 398.2 |
| 100 ## - MAIN ENTRY--PERSONAL NAME | |
| Personal name | Sotheary, Kimsun |
| 245 ## - TITLE STATEMENT | |
| Title | ឧទិច្ចតាបស / |
| Statement of responsibility, etc. | រៀបរៀងដោយ លោកស្រី គឹមស៊ុន សុធារី, គណកម្មការអំណាន លោក ធី ចាន់ថន និង កញ្ញា ហេង ចរិយា |
| 260 ## - PUBLICATION, DISTRIBUTION, ETC. | |
| Place of publication, distribution, etc. | ភ្នំពេញ : |
| Name of publisher, distributor, etc. | Reading Books , |
| Date of publication, distribution, etc. | 2012 . |
| 300 ## - PHYSICAL DESCRIPTION | |
| Extent | 24 pages : |
| Other physical details | color illustrations ; |
| Dimensions | 25 cm . |
| 490 ## - SERIES STATEMENT | |
| Series statement | ពិភពរឿងនិទាន |
| 505 ## - FORMATTED CONTENTS NOTE | |
| Formatted contents note | N <br/> |
| 520 ## - SUMMARY, ETC. | |
| Summary, etc. | ព្រះរាជកុមារ ទុដ្ឋកុមារ ជាបុត្រារបស់ស្តេចមួយអង្គ ។ ដោយព្រះរាជកុមារជាក្មេងកោងកាចគ្មានហេតុផល ពលសេនាក៏យកទ្រង់ទៅបណ្តែតចោលតាមទឹក ។ ព្រះកុមារក៏បានតោងកំណាត់ឈើមួយ ជាមួយនឹង ពស់ សេក និង កណ្តរ ។ ក្រោយមកពួកគេក៏បានជួបឧទិច្ចតាបស ។ តាបសក៏បានអោយចំណីទៅសត្វទាំងបីសុីមុនព្រះរាជកុមារធ្វើអោយទ្រង់ខ្ញាល់យ៉ាងខ្លាំងក៏មានចិត្តគុំគួននឹងតាបស ។ ពីរ បី ថ្ងៃក្រោយមកអ្នកទាំងបួនក៏លាលោកតា ហើយក៏សន្យាថានឹងតបស្នងសងគុណលោកតាជាទីគាប់ចិត្ត ។ លោកតាក៏ទៅរកព្រះរាជកុមារនៅនគរ ដោយសារការចងគំនុំ ព្រះរាជកុមារក៏បញ្ជាអោយសេនាចាប់តាបសយកទៅសម្លាប់ ។ ក្រោយដឹងការពិតពីតាបស សេនាក៏ចាប់ព្រះរាជកុមារសម្លាប់ចោល ហើយអោយតាបសឡើងសោយរាជ្យវិញ ។ |
| 520 ## - SUMMARY, ETC. | |
| Summary, etc. | Prince Duttakumara was the son of a king. Because the prince was a stubborn and unreasonable child, the royal guards took him and set him adrift on the water. The prince floated away while holding onto a piece of wood, together with a snake, a parrot, and a rat. Later, the four of them met the hermit Utech Tapas. The hermit gave food to the three animals first before the prince, which made the prince very angry and caused him to hold a grudge against the hermit.<br/>A few days later, the four of them parted from the hermit and promised that they would repay his kindness one day. The hermit then went to visit the prince in the city. Because of his grudge, the prince ordered the guards to seize the hermit and execute him. After learning the truth from the hermit, the guards instead captured the prince and put him to death, and they appointed the hermit to take the throne and rule the kingdom . |
| 521 8# - TARGET AUDIENCE NOTE | |
| Target audience note | 550 <br/> |
| Source | Lexile estimate <br/> |
| 521 8# - TARGET AUDIENCE NOTE | |
| Target audience note | N <br/> |
| Source | Raz-Plus <br/> |
| 650 ## - SUBJECT ADDED ENTRY--TOPICAL TERM | |
| Topical term or geographic name entry element | ឧទិច្ចតាបស |
| Form subdivision | រឿងនិទានកុមារ |
| 650 ## - SUBJECT ADDED ENTRY--TOPICAL TERM | |
| Topical term or geographic name entry element | The ascetic man |
| Form subdivision | Children's Stories |
| 700 ## - ADDED ENTRY--PERSONAL NAME | |
| Personal name | Saren , Koam |
| Relator term | Illustrator |
| 942 ## - ADDED ENTRY ELEMENTS (KOHA) | |
| Source of classification or shelving scheme | Dewey Decimal Classification |
| Koha item type | Khmer Books |
| Suppress in OPAC | No |
| Withdrawn status | Lost status | Source of classification or shelving scheme | Damaged status | Not for loan | Collection | Home library | Current library | Shelving location | Date acquired | Total Checkouts | Full call number | Barcode | Date last seen | Price effective from | Koha item type |
|---|---|---|---|---|---|---|---|---|---|---|---|---|---|---|---|
| Dewey Decimal Classification | Khmer Language Books / សៀវភៅភាសាខ្មែរ | Footprints International School Library Network Toul Tom Poung Campus | Footprints International School Library Network Toul Tom Poung Campus | TTP Primary Khmer Bookshelves | 12/09/2025 | SOT PZ7 398.2 | 2025-5090 | 12/09/2025 | 12/09/2025 | Khmer Books |
